La Prosperidad del crimen: lavado de dinero y crisis finaciera /
El artículo desarrolla la idea de las nuevas tendencias del sistema financiero globalizado, y cómo el crimen organizado, particularmente a través del lavado del dinero, juega un papel importante en esta sictuación. El autor expone entonces las particularidades de estas nuevas tendencias a partir de...
محفوظ في:
| المؤلف الرئيسي: | |
|---|---|
| التنسيق: | نص |
| الموضوعات: | |
| الوسوم: |
إضافة وسم
لا توجد وسوم, كن أول من يضع وسما على هذه التسجيلة!
|
MARC
| LEADER | 00000 a a2200000 04500 | ||
|---|---|---|---|
| 001 | 16310 | ||
| 003 | |||
| 040 | |||
| 100 | |a Fabre, Guilhem | ||
| 245 | |a La Prosperidad del crimen: |b lavado de dinero y crisis finaciera / |c Guilhem Fabre | ||
| 520 | |a El artículo desarrolla la idea de las nuevas tendencias del sistema financiero globalizado, y cómo el crimen organizado, particularmente a través del lavado del dinero, juega un papel importante en esta sictuación. El autor expone entonces las particularidades de estas nuevas tendencias a partir de ejemplos y acciones percibidas a nivel mundial | ||
| 650 | |a CONDICIONES FINANCIERAS | ||
| 650 | |a CRIMEN ORGANIZADO | ||
| 650 | |a CRISIS MONETARIA | ||
| 650 | |a LAVADO DE DINERO | ||
| 650 | |a CONDICIONES ECONOMICAS | ||
| 650 | |a CONFLICTOS SOCIALES | ||
| 773 | |g número 48; páginas 41-47 | ||
| 999 | |c 37991 |d 37991 | ||
